Patadei : (Record no. 160299)

MARC details
000 -LEADER
fixed length control field 00443nam a22001817a 4500
005 - DATE AND TIME OF LATEST TRANSACTION
control field 20190124152904.0
010 ## - LCCN (DPL NO)
LC control number B-222133
020 ## - INTERNATIONAL STANDARD BOOK NUMBER
International Standard Book Number 8126021160
Terms of availability 60.00
035 ## - SYSTEM CONTROL NUMBER
System control number B-222133
037 ## - SOURCE OF ACQUISITION
Source of stock number/acquisition Sahitya Akadami
082 ## - DEWEY DECIMAL CLASSIFICATION NUMBER
Classification number S
100 ## - MAIN ENTRY--PERSONAL NAME
Personal name Mohanty, Binapani
245 ## - TITLE STATEMENT
Title Patadei :
Statement of responsibility, etc Binapani Mohanty
260 ## - PUBLICATION, DISTRIBUTION, ETC. (IMPRINT)
Place of publication, distribution, etc New Delhi
Name of publisher, distributor, etc Sahitya Akademi
300 ## - PHYSICAL DESCRIPTION
Extent 120p.
Dimensions 22cm(hbk)
700 ## - ADDED ENTRY--PERSONAL NAME
Personal name Mohanty, Ashok K.
942 ## - ADDED ENTRY ELEMENTS (KOHA)
Source of classification or shelving scheme Dewey Decimal Classification
Item type English Books
Classification part S
Call number suffix MOH
Holdings
Withdrawn status Lost status Not for loan Collection code Home library Current library Date acquired Full call number Barcode Koha item type
      Fiction Sarojini Nagar Sarojini Nagar 24/01/2019 S MOH B-222133 English Books

© Delhi Public Library
Hit Counter
free hit counter